[Event "Cafe Baroque International 1st"]
[Site "London, Simpsons"]
[Date "1994.02.12"]
[Round "1"]
[White "Harley, Andrew D"]
[Black "McEwan, Ken B"]
[Result "0-1"]
[WhiteElo "2290"]
[BlackElo "2150"]
[PlyCount "130"]
[EventDate "1994.02.12"]
[EventType "tourn"]
[EventRounds "9"]
[EventCountry "ENG"]
[EventCategory "3"]
[SourceTitle "BritBase"]
[Source "John Saunders"]
[SourceDate "2023.06.01"]
[SourceVersion "1"]
[SourceVersionDate "2023.06.01"]
[SourceQuality "1"]

1. e4 c5 2. c3 d5 3. exd5 Qxd5 4. d4 Nc6 5. Nf3 Bg4 6. Be2 e6 7. h3 Bh5 8. c4
Qd7 9. g4 Bg6 10. d5 exd5 11. cxd5 Nb4 12. Nc3 O-O-O 13. Ne5 Qd6 14. Bf4 Qf6
15. Qd2 Bd6 16. g5 Qe7 17. Nxg6 hxg6 18. O-O-O Bxf4 19. Qxf4 Nxa2+ 20. Kd2 Nxc3
21. Bg4+ Rd7 22. bxc3 f5 23. gxf6 Nxf6 24. Rde1 Qd8 25. Bxd7+ Qxd7 26. c4 b5
27. Qe3 Qc7 28. Qe6+ Kd8 29. Re3 bxc4 30. d6 Qa5+ 31. Ke2 Qa2+ 32. Kf3 Nd7 33.
Kg2 Rf8 34. Re2 Qb3 35. Rhe1 Qf3+ 36. Kg1 Kc8 37. Qxg6 Rf7 38. Re8+ Kb7 39.
Rb1+ Kc6 40. Rc8+ Kd5 41. Qc2 Ne5 42. d7 Rxd7 43. Qa4 Rd6 44. Qd1+ Qxd1+ 45.
Rxd1+ Nd3 46. Rc7 Rg6+ 47. Kf1 a5 48. Ra7 Kd4 49. Rxa5 c3 50. Ra2 Rb6 51. Ra7
Rd6 52. Ra2 Kc4 53. Ke2 Re6+ 54. Kf3 Nb4 55. Re2 Rxe2 56. Kxe2 c2 57. Rg1 Kc3
58. f4 Nd3 59. f5 Nf4+ 60. Kf3 Nxh3 61. Rh1 Kb2 62. Rh2 Kb1 63. Rh1+ c1=Q 64.
Rxc1+ Kxc1 65. Kg4 Kd2 0-1

[Event "Cafe Baroque International 1st"]
[Site "London, Simpsons"]
[Date "1994.02.12"]
[Round "1"]
[White "McDonald, Neil R"]
[Black "Anagnostopoulos, Dimitrios"]
[Result "1-0"]
[WhiteElo "2390"]
[BlackElo "2425"]
[PlyCount "77"]
[EventDate "1994.02.12"]
[EventType "tourn"]
[EventRounds "9"]
[EventCountry "ENG"]
[EventCategory "3"]
[SourceTitle "BritBase"]
[Source "John Saunders"]
[SourceDate "2023.06.01"]
[SourceVersion "1"]
[SourceVersionDate "2023.06.01"]
[SourceQuality "1"]

1. e4 d6 2. d4 Nf6 3. Nc3 g6 4. f4 Bg7 5. Nf3 O-O 6. Bd3 Na6 7. O-O c5 8. d5
Rb8 9. e5 Nd7 10. e6 fxe6 11. dxe6 Nf6 12. f5 d5 13. fxg6 c4 14. gxh7+ Kh8 15.
Bf5 Bxe6 16. Bxe6 Qb6+ 17. Kh1 Qxe6 18. Bf4 Rbd8 19. Nd4 Qd7 20. Be5 e6 21. Qf3
Nc5 22. Qh3 Nxh7 23. Bxg7+ Kxg7 24. Qe3 Kh8 25. b4 cxb3 26. axb3 a5 27. Qe5+
Qg7 28. Qxg7+ Kxg7 29. Na4 Rxf1+ 30. Rxf1 Nxa4 31. Nxe6+ Kg6 32. Nxd8 Nc5 33.
Nf7 Nf6 34. Ne5+ Kg7 35. g4 Nfe4 36. Rf7+ Kg8 37. Rc7 b5 38. h4 a4 39. bxa4 1-0

[Event "Cafe Baroque International 1st"]
[Site "London, Simpsons"]
[Date "1994.02.12"]
[Round "1"]
[White "Morris, Philip"]
[Black "Etmans, Maarten D"]
[Result "1-0"]
[WhiteElo "2390"]
[BlackElo "2230"]
[PlyCount "59"]
[EventDate "1994.02.12"]
[EventType "tourn"]
[EventRounds "9"]
[EventCountry "ENG"]
[EventCategory "3"]
[SourceTitle "BritBase"]
[Source "John Saunders"]
[SourceDate "2023.06.01"]
[SourceVersion "1"]
[SourceVersionDate "2023.06.01"]
[SourceQuality "1"]

1. e4 Nf6 2. e5 Nd5 3. c4 Nb6 4. d4 d6 5. f4 dxe5 6. fxe5 Nc6 7. Be3 Bf5 8. Nc3
e6 9. Nf3 Bg4 10. Qd2 Bb4 11. Be2 Bxf3 12. gxf3 Na5 13. b3 Qh4+ 14. Bf2 Qe7 15.
O-O-O O-O-O 16. Qc2 f6 17. c5 Nd5 18. Nxd5 Ba3+ 19. Kb1 Rxd5 20. f4 fxe5 21.
fxe5 Rf8 22. Be3 Qh4 23. Rhg1 Nc6 24. Rg4 Qh3 25. Rg3 Qxh2 26. Rxg7 Rfd8 27.
Bg4 Qxc2+ 28. Kxc2 Nxd4+ 29. Bxd4 Rxd4 30. Bxe6+ 1-0

[Event "Cafe Baroque International 1st"]
[Site "London, Simpsons"]
[Date "1994.02.12"]
[Round "1"]
[White "O'Shaughnessy, Conor"]
[Black "Summerscale, Aaron P"]
[Result "1-0"]
[WhiteElo "2295"]
[BlackElo "2410"]
[PlyCount "143"]
[EventDate "1994.02.12"]
[EventType "tourn"]
[EventRounds "9"]
[EventCountry "ENG"]
[EventCategory "3"]
[SourceTitle "BritBase"]
[Source "John Saunders"]
[SourceDate "2023.06.01"]
[SourceVersion "1"]
[SourceVersionDate "2023.06.01"]
[SourceQuality "1"]

1. e4 e5 2. Nf3 d6 3. d4 Nf6 4. Nc3 Nbd7 5. Bc4 Be7 6. O-O O-O 7. Re1 a6 8. h3
c6 9. a4 b6 10. Bg5 Bb7 11. dxe5 dxe5 12. Nh4 b5 13. Ba2 h6 14. Bxf6 Nxf6 15.
Ng6 Qc7 16. Nxf8 Rxf8 17. Qf3 g6 18. axb5 axb5 19. Bb3 Kg7 20. Red1 Nd7 21. h4
h5 22. Rd2 Nc5 23. g3 b4 24. Na4 Nxb3 25. cxb3 c5 26. Rad1 Bc6 27. Qe3 Bb5 28.
Rd5 Bc6 29. Rxc5 Bxc5 30. Qxc5 Qb7 31. Qxe5+ Kg8 32. Nc5 Qb5 33. Qd4 Qe2 34.
Qd2 Qb5 35. Nd7 Bxd7 36. Qxd7 Qe2 37. Rd4 Ra8 38. Rd1 Qxe4 39. Qd4 Qe2 40. Qd2
Qf3 41. Qd3 Qg4 42. Qd4 Qe2 43. Qd2 Qg4 44. Qd5 Re8 45. Kg2 Re2 46. Rd4 Qc8 47.
Rxb4 Rxb2 48. Rb7 Qf8 49. Rb6 Kh7 50. Rf6 Kg7 51. Qe5 Rd2 52. Rxg6+ Kxg6 53.
Qg5+ Kh7 54. Qxd2 Qa8+ 55. Kh2 Qb7 56. b4 Qb6 57. Qf4 Kg8 58. Qg5+ Kh7 59.
Qxh5+ Kg8 60. Qc5 Qb7 61. b5 Qf3 62. Kg1 Kh7 63. Qc6 Qd1+ 64. Kg2 Qd4 65. b6
Qb4 66. h5 Qb3 67. h6 Qb2 68. b7 Qe5 69. Qf3 f5 70. Kh2 Qb5 71. Kh3 Kg6 72. g4
1-0

[Event "Cafe Baroque International 1st"]
[Site "London, Simpsons"]
[Date "1994.02.13"]
[Round "2"]
[White "Anagnostopoulos, Dimitrios"]
[Black "Harley, Andrew D"]
[Result "1-0"]
[WhiteElo "2425"]
[BlackElo "2290"]
[PlyCount "91"]
[EventDate "1994.02.12"]
[EventType "tourn"]
[EventRounds "9"]
[EventCountry "ENG"]
[EventCategory "3"]
[SourceTitle "BritBase"]
[Source "John Saunders"]
[SourceDate "2023.06.01"]
[SourceVersion "1"]
[SourceVersionDate "2023.06.01"]
[SourceQuality "1"]

1. e4 e6 2. d4 d5 3. Nd2 Nf6 4. e5 Nfd7 5. Bd3 c5 6. c3 Nc6 7. Ngf3 g6 8. O-O
Bg7 9. Re1 Qb6 10. dxc5 Qc7 11. Nb3 Ndxe5 12. Bf4 O-O 13. Nbd4 Nxf3+ 14. Qxf3
e5 15. Bg3 Rd8 16. Qe2 f6 17. Nb5 Qe7 18. Nd6 b6 19. Nxc8 Rdxc8 20. cxb6 axb6
21. f3 Bf8 22. Ba6 Rc7 23. Bf2 Rca7 24. Bb5 Qb7 25. a4 Bc5 26. f4 Bxf2+ 27.
Qxf2 e4 28. Rad1 Ne7 29. c4 dxc4 30. Qd4 Kg7 31. Rxe4 Nf5 32. Qxc4 Rc8 33. Qe2
Qf7 34. g4 Nh4 35. Bd7 Rd8 36. Re7 Rdxd7 37. Rdxd7 Rxd7 38. Rxf7+ Kxf7 39. Qc4+
Kg7 40. Kf2 g5 41. Qe6 Rd2+ 42. Ke3 Rxh2 43. fxg5 Rh3+ 44. Ke4 fxg5 45. Qxb6
Ng2 46. a5 1-0

[Event "Cafe Baroque International 1st"]
[Site "London, Simpsons"]
[Date "1994.02.13"]
[Round "2"]
[White "McEwan, Ken B"]
[Black "Morris, Philip"]
[Result "1/2-1/2"]
[WhiteElo "2150"]
[BlackElo "2390"]
[PlyCount "123"]
[EventDate "1994.02.12"]
[EventType "tourn"]
[EventRounds "9"]
[EventCountry "ENG"]
[EventCategory "3"]
[SourceTitle "BritBase"]
[Source "John Saunders"]
[SourceDate "2023.06.01"]
[SourceVersion "1"]
[SourceVersionDate "2023.06.01"]
[SourceQuality "1"]

1. e4 e5 2. Nf3 Nc6 3. Bc4 Nf6 4. d3 Bc5 5. c3 a6 6. O-O d6 7. b4 Ba7 8. Bg5 h6
9. Be3 O-O 10. Nbd2 d5 11. Bxa7 Rxa7 12. Bb3 Ra8 13. Re1 Re8 14. a4 dxe4 15.
dxe4 Be6 16. Qc2 Qe7 17. Nf1 Bxb3 18. Qxb3 Rad8 19. Ne3 Qe6 20. Qc2 g6 21. b5
Nb8 22. c4 c6 23. Rad1 axb5 24. axb5 Rxd1 25. Rxd1 Nbd7 26. bxc6 Qxc6 27. Nd5
Nxd5 28. exd5 Qd6 29. Qa4 Rc8 30. Qb5 Kg7 31. Nd2 Nc5 32. g3 h5 33. h4 Rc7 34.
Rb1 e4 35. Qb6 Qxb6 36. Rxb6 Kf8 37. Kf1 Nd7 38. Rb4 f5 39. Ke2 b6 40. f3 exf3+
41. Nxf3 Ra7 42. Ke3 Ke7 43. Kf4 Kd6 44. Rb3 Ra4 45. Nd2 Ra2 46. Nb1 Kc5 47.
Na3 Kd4 48. Kg5 Nc5 49. d6 Ke4 50. Rc3 Rg2 51. Kf6 f4 52. gxf4 Kxf4 53. Rd3 g5
54. hxg5 Ne4+ 55. Ke7 Nxd6 56. Rxd6 Rxg5 57. Rxb6 h4 58. Rh6 Kg3 59. Nb1 h3 60.
Nd2 Kg2 61. Kd6 Rg3 62. Ne4 1/2-1/2

[Event "Cafe Baroque International 1st"]
[Site "London, Simpsons"]
[Date "1994.02.13"]
[Round "2"]
[White "O'Shaughnessy, Conor"]
[Black "Mortazavi, Ali"]
[Result "0-1"]
[WhiteElo "2295"]
[BlackElo "2350"]
[PlyCount "56"]
[EventDate "1994.02.12"]
[EventType "tourn"]
[EventRounds "9"]
[EventCountry "ENG"]
[EventCategory "3"]
[SourceTitle "BritBase"]
[Source "John Saunders"]
[SourceDate "2023.06.01"]
[SourceVersion "1"]
[SourceVersionDate "2023.06.01"]
[SourceQuality "1"]

1. e4 c5 2. Nf3 e6 3. c3 d5 4. exd5 Qxd5 5. d4 Nf6 6. Na3 a6 7. Nc4 Nbd7 8. Be2
cxd4 9. cxd4 b5 10. Ne3 Bb4+ 11. Kf1 Qd6 12. a3 Ba5 13. a4 Bb7 14. axb5 axb5
15. Bxb5 O-O 16. Be2 Bc7 17. Rxa8 Rxa8 18. Bd2 Rd8 19. Bc3 Ne4 20. Nd2 Nxc3 21.
bxc3 Qa3 22. Nb1 Qa1 23. f3 Nf6 24. Kf2 e5 25. Qb3 exd4 26. Qxb7 dxe3+ 27. Kxe3
Bb6+ 28. Kf4 Qa4+ 0-1

[Event "Cafe Baroque International 1st"]
[Site "London, Simpsons"]
[Date "1994.02.13"]
[Round "2"]
[White "Summerscale, Aaron P"]
[Black "Etmans, Maarten D"]
[Result "1-0"]
[WhiteElo "2410"]
[BlackElo "2230"]
[PlyCount "65"]
[EventDate "1994.02.12"]
[EventType "tourn"]
[EventRounds "9"]
[EventCountry "ENG"]
[EventCategory "3"]
[SourceTitle "BritBase"]
[Source "John Saunders"]
[SourceDate "2023.06.01"]
[SourceVersion "1"]
[SourceVersionDate "2023.06.01"]
[SourceQuality "1"]

1. d4 e6 2. g3 c5 3. Nf3 Nc6 4. Bg2 Nf6 5. O-O cxd4 6. Nxd4 d5 7. c4 Be7 8. Nc3
O-O 9. cxd5 Nxd5 10. Nxd5 exd5 11. Be3 Bf6 12. Rc1 Nxd4 13. Bxd4 Be6 14. e3
Bxd4 15. Qxd4 Qa5 16. a3 Rac8 17. Rfd1 Rc6 18. Rxc6 bxc6 19. Rc1 Rc8 20. Qc5
Qd2 21. b4 h6 22. Bf1 Bd7 23. Kg2 Re8 24. Ba6 Re6 25. Rc2 Qd1 26. Be2 Qb1 27.
Bg4 g6 28. Bxe6 Bxe6 29. Qxc6 Bf5 30. Qe8+ Kg7 31. Qe5+ Kh7 32. Rc7 Be6 33.
Qxe6 1-0

[Event "Cafe Baroque International 1st"]
[Site "London, Simpsons"]
[Date "1994.02.13"]
[Round "2"]
[White "Tyrtania, Maximilian"]
[Black "McDonald, Neil R"]
[Result "0-1"]
[WhiteElo "2245"]
[BlackElo "2390"]
[PlyCount "88"]
[EventDate "1994.02.12"]
[EventType "tourn"]
[EventRounds "9"]
[EventCountry "ENG"]
[EventCategory "3"]
[SourceTitle "BritBase"]
[Source "John Saunders"]
[SourceDate "2023.06.01"]
[SourceVersion "1"]
[SourceVersionDate "2023.06.01"]
[SourceQuality "1"]

1. d4 Nf6 2. c4 g6 3. Nc3 Bg7 4. e4 d6 5. Nge2 c6 6. Ng3 e5 7. d5 cxd5 8. cxd5
a6 9. Be2 Nbd7 10. O-O O-O 11. Bg5 h6 12. Be3 Nh7 13. Qd2 Qh4 14. Rac1 h5 15.
Na4 Qd8 16. b3 h4 17. Nh1 f5 18. exf5 gxf5 19. f4 Qe8 20. Nf2 Qg6 21. Qb4 Bh6
22. Nd1 Kh8 23. Nb6 Nxb6 24. Qxb6 Rg8 25. Rf2 exf4 26. Bd4+ Bg7 27. Rc7 Be5 28.
Re7 Ng5 29. Bxe5+ dxe5 30. Qxg6 Rxg6 31. Kh1 h3 32. Bf1 Rg7 33. Re8+ Rg8 34.
Rxe5 f3 35. gxh3 Bd7 36. h4 Ne4 37. Rxf3 Rac8 38. Re7 Be8 39. Rxf5 Bg6 40. Rf4
Rc1 41. Ne3 Nd2 42. h3 Bh5 43. Rf6 Bf3+ 44. Rxf3 Nxf3 0-1

[Event "Cafe Baroque International 1st"]
[Site "London, Simpsons"]
[Date "1994.02.14"]
[Round "3"]
[White "Etmans, Maarten D"]
[Black "McEwan, Ken B"]
[Result "1-0"]
[WhiteElo "2230"]
[BlackElo "2150"]
[PlyCount "129"]
[EventDate "1994.02.12"]
[EventType "tourn"]
[EventRounds "9"]
[EventCountry "ENG"]
[EventCategory "3"]
[SourceTitle "BritBase"]
[Source "John Saunders"]
[SourceDate "2023.06.01"]
[SourceVersion "1"]
[SourceVersionDate "2023.06.01"]
[SourceQuality "1"]

1. e4 c5 2. Nf3 d6 3. Bb5+ Nc6 4. O-O e6 5. Re1 Nge7 6. c3 a6 7. Bxc6+ bxc6 8.
d3 Ng6 9. Nbd2 Be7 10. Nf1 O-O 11. Ng3 Rb8 12. d4 cxd4 13. Nxd4 Bb7 14. Qh5 Ne5
15. Rd1 c5 16. Nc2 Qb6 17. Rb1 Qc6 18. Ne1 g6 19. Qe2 h5 20. f3 h4 21. Nf1 Kg7
22. c4 Rh8 23. h3 a5 24. Bd2 f6 25. Bc3 Nd7 26. Nd3 a4 27. Ne3 Kf7 28. Re1 Ba6
29. Nf4 Nf8 30. b3 axb3 31. axb3 g5 32. Nd3 Ng6 33. Qc2 Nf4 34. Nxf4 gxf4 35.
Ng4 Rbg8 36. Ra1 Rg6 37. Qd2 e5 38. Ra3 Rhg8 39. Rea1 Bc8 40. Ra7 f5 41. exf5
Bxf5 42. R1a6 Qc8 43. Qd5+ Qe6 44. Rxd6 Bxg4 45. hxg4 Qxd5 46. Rxd5 Rb8 47.
Rxe5 Re6 48. Rxe6 Kxe6 49. Ra6+ Kd7 50. Ra7+ Ke6 51. Ra6+ Kd7 52. Bf6 Bd6 53.
Ra3 Re8 54. Bxh4 Re2 55. Kh2 Rb2 56. Bf6 Rb1 57. Ra1 Rxb3 58. Re1 Rb4 59. Re4
Kc6 60. g5 Rb8 61. g6 Rg8 62. g7 Kd7 63. Kh3 Kc6 64. Kg4 Bf8 65. Re8 1-0

[Event "Cafe Baroque International 1st"]
[Site "London, Simpsons"]
[Date "1994.02.14"]
[Round "3"]
[White "Harley, Andrew D"]
[Black "Tyrtania, Maximilian"]
[Result "1-0"]
[WhiteElo "2290"]
[BlackElo "2245"]
[PlyCount "71"]
[EventDate "1994.02.12"]
[EventType "tourn"]
[EventRounds "9"]
[EventCountry "ENG"]
[EventCategory "3"]
[SourceTitle "BritBase"]
[Source "John Saunders"]
[SourceDate "2023.06.01"]
[SourceVersion "1"]
[SourceVersionDate "2023.06.01"]
[SourceQuality "1"]

1. e4 g6 2. d4 Bg7 3. Nc3 d6 4. f4 e6 5. Nf3 b6 6. Bd3 Ne7 7. O-O c5 8. Be3
Nbc6 9. Ne2 O-O 10. c3 h6 11. Kh1 f5 12. Qd2 Bb7 13. dxc5 dxc5 14. Rad1 Qc7 15.
Ng3 Rad8 16. Qe2 Kh7 17. e5 g5 18. Nh5 Bh8 19. Nf6+ Bxf6 20. exf6 Rxf6 21. fxg5
hxg5 22. Nxg5+ Kg7 23. Bc4 Nd5 24. Bxd5 exd5 25. Bf4 Qc8 26. Rfe1 Kg6 27. Qe3
d4 28. Qg3 Rg8 29. cxd4 cxd4 30. Nf3+ Kf7 31. Ng5+ Kg7 32. Be5 Nxe5 33. Qxe5
Kg6 34. Rxd4 Qc6 35. Nf3 Qc2 36. Qg3+ 1-0

[Event "Cafe Baroque International 1st"]
[Site "London, Simpsons"]
[Date "1994.02.14"]
[Round "3"]
[White "McDonald, Neil R"]
[Black "O'Shaughnessy, Conor"]
[Result "1-0"]
[WhiteElo "2390"]
[BlackElo "2295"]
[PlyCount "73"]
[EventDate "1994.02.12"]
[EventType "tourn"]
[EventRounds "9"]
[EventCountry "ENG"]
[EventCategory "3"]
[SourceTitle "BritBase"]
[Source "John Saunders"]
[SourceDate "2023.06.01"]
[SourceVersion "1"]
[SourceVersionDate "2023.06.01"]
[SourceQuality "1"]

1. e4 c5 2. Nf3 d6 3. d4 cxd4 4. Nxd4 Nf6 5. Nc3 a6 6. Bg5 e6 7. f4 b5 8. e5
dxe5 9. fxe5 Qc7 10. Qe2 Nfd7 11. O-O-O Bb7 12. Qg4 Qb6 13. Be2 Nxe5 14. Qh3
Nbd7 15. Rhe1 h6 16. Bh4 g5 17. Bxg5 Rg8 18. Bf4 Bxg2 19. Qh5 Ng6 20. Nxe6 fxe6
21. Bd3 O-O-O 22. Bxg6 Nf6 23. Rxd8+ Qxd8 24. Qe5 Rxg6 25. Qxe6+ Qd7 26. Qxa6+
Bb7 27. Qa7 Bd6 28. Bxd6 Qxd6 29. Nxb5 Qf4+ 30. Kb1 Ne4 31. a3 Qxh2 32. Qd4 Qh4
33. Rd1 Bc6 34. Qh8+ Kb7 35. Qh7+ Kb6 36. Qa7+ Kxb5 37. a4+ 1-0

[Event "Cafe Baroque International 1st"]
[Site "London, Simpsons"]
[Date "1994.02.14"]
[Round "3"]
[White "Morris, Philip"]
[Black "Anagnostopoulos, Dimitrios"]
[Result "0-1"]
[WhiteElo "2390"]
[BlackElo "2425"]
[PlyCount "56"]
[EventDate "1994.02.12"]
[EventType "tourn"]
[EventRounds "9"]
[EventCountry "ENG"]
[EventCategory "3"]
[SourceTitle "BritBase"]
[Source "John Saunders"]
[SourceDate "2023.06.01"]
[SourceVersion "1"]
[SourceVersionDate "2023.06.01"]
[SourceQuality "1"]

1. e4 Nf6 2. e5 Nd5 3. c4 Nb6 4. d4 d6 5. f4 dxe5 6. fxe5 Nc6 7. Be3 Bf5 8. Nc3
e6 9. Nf3 Be7 10. d5 Nb4 11. Rc1 exd5 12. a3 c5 13. axb4 d4 14. bxc5 dxc3 15.
b4 Qxd1+ 16. Rxd1 Nd7 17. Be2 O-O 18. O-O a5 19. Nd4 Be4 20. Nb3 a4 21. Rxd7
axb3 22. Bd4 Rad8 23. Rxd8 Rxd8 24. Bxc3 b2 25. Bf3 b1=Q 26. Rxb1 Bxb1 27. Bxb7
Rd1+ 28. Kf2 Rc1 0-1

[Event "Cafe Baroque International 1st"]
[Site "London, Simpsons"]
[Date "1994.02.14"]
[Round "3"]
[White "Mortazavi, Ali"]
[Black "Summerscale, Aaron P"]
[Result "1/2-1/2"]
[WhiteElo "2350"]
[BlackElo "2410"]
[PlyCount "40"]
[EventDate "1994.02.12"]
[EventType "tourn"]
[EventRounds "9"]
[EventCountry "ENG"]
[EventCategory "3"]
[SourceTitle "BritBase"]
[Source "John Saunders"]
[SourceDate "2023.06.01"]
[SourceVersion "1"]
[SourceVersionDate "2023.06.01"]
[SourceQuality "1"]

1. e4 c5 2. Nf3 e6 3. d4 cxd4 4. Nxd4 a6 5. Bd3 Nf6 6. O-O Qc7 7. Qe2 d6 8. c4
g6 9. Nc3 Bg7 10. b3 O-O 11. Rd1 b6 12. Ba3 Nbd7 13. Rac1 Bb7 14. Bc2 Nc5 15.
b4 Ncd7 16. Bb3 Rfd8 17. Bb2 Rac8 18. f4 Qb8 19. a3 Re8 20. Nf3 Bc6 1/2-1/2

[Event "Cafe Baroque International 1st"]
[Site "London, Simpsons"]
[Date "1994.02.15"]
[Round "4"]
[White "Anagnostopoulos, Dimitrios"]
[Black "Etmans, Maarten D"]
[Result "1-0"]
[WhiteElo "2425"]
[BlackElo "2230"]
[PlyCount "83"]
[EventDate "1994.02.12"]
[EventType "tourn"]
[EventRounds "9"]
[EventCountry "ENG"]
[EventCategory "3"]
[SourceTitle "BritBase"]
[Source "John Saunders"]
[SourceDate "2023.06.01"]
[SourceVersion "1"]
[SourceVersionDate "2023.06.01"]
[SourceQuality "1"]

1. d4 e6 2. Nf3 b5 3. e4 a6 4. Bd3 Bb7 5. O-O c5 6. c3 d6 7. a4 c4 8. Bc2 Nf6
9. Nbd2 Nbd7 10. Re1 Be7 11. Nf1 O-O 12. Ng3 Re8 13. e5 dxe5 14. dxe5 Nd5 15.
Qd4 Nc5 16. Qg4 f5 17. exf6 Nxf6 18. Qf4 Rf8 19. Nd4 Nfe4 20. Qe5 Bd6 21. Qh5
g6 22. Qh6 Bxg3 23. hxg3 Qf6 24. Be3 e5 25. Nf3 Nd3 26. Bxd3 cxd3 27. axb5 axb5
28. Rxa8 Bxa8 29. Rd1 Rd8 30. Nh2 Qe6 31. Qh4 Rd7 32. Qg4 Kf7 33. f3 Nf6 34.
Qh4 e4 35. f4 Qb3 36. Rd2 Rd5 37. g4 Qc4 38. f5 gxf5 39. g5 Ne8 40. Qxh7+ Ng7
41. Ng4 Qc7 42. Nh6+ 1-0

[Event "Cafe Baroque International 1st"]
[Site "London, Simpsons"]
[Date "1994.02.15"]
[Round "4"]
[White "Mortazavi, Ali"]
[Black "McDonald, Neil R"]
[Result "1-0"]
[WhiteElo "2350"]
[BlackElo "2390"]
[PlyCount "85"]
[EventDate "1994.02.12"]
[EventType "tourn"]
[EventRounds "9"]
[EventCountry "ENG"]
[EventCategory "3"]
[SourceTitle "BritBase"]
[Source "John Saunders"]
[SourceDate "2023.06.01"]
[SourceVersion "1"]
[SourceVersionDate "2023.06.01"]
[SourceQuality "1"]

1. d4 Nf6 2. c4 g6 3. Nc3 Bg7 4. e4 d6 5. Be2 O-O 6. Bg5 Na6 7. Qd2 e5 8. d5 c6
9. f3 cxd5 10. cxd5 Bd7 11. g4 Qa5 12. h4 h5 13. Bxf6 Bxf6 14. gxh5 Kg7 15.
hxg6 fxg6 16. h5 Rh8 17. Bxa6 Qxa6 18. Qg2 Rh6 19. Nge2 b5 20. Ng3 b4 21. Nce2
Rc8 22. Rc1 Rxc1+ 23. Nxc1 Qc4 24. Qd2 Bb5 25. b3 Qc5 26. Nd3 Qb6 27. Nf2 Bd7
28. Ng4 Bxg4 29. fxg4 Rh8 30. Kf1 Qd4 31. Qc2 Bd8 32. Kg2 Qb6 33. Qc8 Qc7 34.
Qe6 Rf8 35. Qxg6+ Kh8 36. Qh6+ Kg8 37. Rc1 Qe7 38. Nf5 Qg5 39. Qxg5+ Bxg5 40.
Rc6 a5 41. Rxd6 Bf4 42. g5 a4 43. g6 1-0

[Event "Cafe Baroque International 1st"]
[Site "London, Simpsons"]
[Date "1994.02.15"]
[Round "4"]
[White "O'Shaughnessy, Conor"]
[Black "Harley, Andrew D"]
[Result "1/2-1/2"]
[WhiteElo "2295"]
[BlackElo "2290"]
[PlyCount "56"]
[EventDate "1994.02.12"]
[EventType "tourn"]
[EventRounds "9"]
[EventCountry "ENG"]
[EventCategory "3"]
[SourceTitle "BritBase"]
[Source "John Saunders"]
[SourceDate "2023.06.01"]
[SourceVersion "1"]
[SourceVersionDate "2023.06.01"]
[SourceQuality "1"]

1. e4 e6 2. d4 d5 3. Nd2 Nf6 4. e5 Nfd7 5. Bd3 c5 6. c3 Nc6 7. Ne2 Qb6 8. Nf3
cxd4 9. cxd4 f6 10. exf6 Nxf6 11. O-O Bd6 12. Nc3 O-O 13. a3 Bd7 14. Be3 Be8
15. Ne5 Bxe5 16. dxe5 Qxb2 17. exf6 Qxc3 18. fxg7 Qxg7 19. Qd2 Ne5 20. Be2 Nf3+
21. Bxf3 Rxf3 22. Rfe1 Rf5 23. f4 d4 24. Qxd4 Qxd4 25. Bxd4 Rxf4 26. Be5 Rg4
27. h3 Rg6 28. Rad1 Bc6 1/2-1/2

[Event "Cafe Baroque International 1st"]
[Site "London, Simpsons"]
[Date "1994.02.15"]
[Round "4"]
[White "Summerscale, Aaron P"]
[Black "McEwan, Ken B"]
[Result "1-0"]
[WhiteElo "2410"]
[BlackElo "2150"]
[PlyCount "69"]
[EventDate "1994.02.12"]
[EventType "tourn"]
[EventRounds "9"]
[EventCountry "ENG"]
[EventCategory "3"]
[SourceTitle "BritBase"]
[Source "John Saunders"]
[SourceDate "2023.06.01"]
[SourceVersion "1"]
[SourceVersionDate "2023.06.01"]
[SourceQuality "1"]

1. d4 Nf6 2. g3 d5 3. c4 c6 4. Bg2 e6 5. Nf3 Be7 6. O-O Nbd7 7. Nbd2 b6 8. b3
Bb7 9. Bb2 dxc4 10. Nxc4 Rc8 11. Qc2 O-O 12. Rad1 Qc7 13. Qb1 Rfd8 14. Bc1 c5
15. Bf4 Qc6 16. Ne3 Qb5 17. Nc4 Qc6 18. Bg5 Qc7 19. dxc5 Qxc5 20. Be3 Qh5 21.
Bd4 e5 22. Bb2 e4 23. Nd4 Rxc4 24. bxc4 Ne5 25. Nb3 Nfg4 26. h3 e3 27. Rxd8+
Bxd8 28. f3 Nf2 29. g4 Nxh3+ 30. Bxh3 Qxh3 31. Bxe5 Bf6 32. Qf5 h6 33. Qf4 Bxe5
34. Qxe5 g6 35. Qh2 1-0

[Event "Cafe Baroque International 1st"]
[Site "London, Simpsons"]
[Date "1994.02.15"]
[Round "4"]
[White "Tyrtania, Maximilian"]
[Black "Morris, Philip"]
[Result "1/2-1/2"]
[WhiteElo "2245"]
[BlackElo "2390"]
[PlyCount "35"]
[EventDate "1994.02.12"]
[EventType "tourn"]
[EventRounds "9"]
[EventCountry "ENG"]
[EventCategory "3"]
[SourceTitle "BritBase"]
[Source "John Saunders"]
[SourceDate "2023.06.01"]
[SourceVersion "1"]
[SourceVersionDate "2023.06.01"]
[SourceQuality "1"]

1. d4 Nf6 2. c4 g6 3. Nc3 d5 4. cxd5 Nxd5 5. Bd2 Bg7 6. e4 Nxc3 7. Bxc3 c5 8.
Bb5+ Bd7 9. Bxd7+ Qxd7 10. Ne2 cxd4 11. Bxd4 Bxd4 12. Qxd4 O-O 13. O-O Qxd4 14.
Nxd4 Rd8 15. Rfd1 e5 16. Nf3 Nc6 17. Rd5 f6 18. Rad1 1/2-1/2

[Event "Cafe Baroque International 1st"]
[Site "London, Simpsons"]
[Date "1994.02.16"]
[Round "5"]
[White "Etmans, Maarten D"]
[Black "Tyrtania, Maximilian"]
[Result "1-0"]
[WhiteElo "2230"]
[BlackElo "2245"]
[PlyCount "77"]
[EventDate "1994.02.12"]
[EventType "tourn"]
[EventRounds "9"]
[EventCountry "ENG"]
[EventCategory "3"]
[SourceTitle "BritBase"]
[Source "John Saunders"]
[SourceDate "2023.06.01"]
[SourceVersion "1"]
[SourceVersionDate "2023.06.01"]
[SourceQuality "1"]

1. c3 e5 2. g3 d5 3. d4 exd4 4. cxd4 c6 5. Nc3 Nf6 6. Bg2 Bf5 7. Qb3 Qb6 8.
Qxb6 axb6 9. f3 Bb4 10. Bd2 O-O 11. Nh3 Re8 12. g4 Bd3 13. Nf4 Bc4 14. g5 Nh5
15. e4 Nxf4 16. Bxf4 c5 17. Kf2 dxe4 18. fxe4 Nc6 19. d5 Ne5 20. Bf1 Bxf1 21.
Rhxf1 Nd3+ 22. Kf3 Bxc3 23. bxc3 Ra4 24. Ke3 Nb2 25. Bc7 Raxe4+ 26. Kf3 Nc4 27.
Rfd1 Re3+ 28. Kf2 Re2+ 29. Kg1 Nd2 30. Bf4 Nf3+ 31. Kh1 R2e4 32. Bc7 Re2 33.
Rd3 Nh4 34. h3 c4 35. Rd4 Nf5 36. d6 Nxd4 37. cxd4 R8e4 38. Bxb6 Re8 39. d7 1-0